Bài toán về từ trường - phận loại và phương pháp giải
Lý thuyết về phương pháp tính từ trường. Hệ thống, phân loại và phương pháp giải các bài toán về từ trường...
Đã lưu trong:
| Tác giả chính: | |
|---|---|
| Tác giả khác: | |
| Định dạng: | Sách |
| Ngôn ngữ: | Vietnamese |
| Được phát hành: |
Đà Nẵng
ĐH Sư Phạm
2009
|
| Loạt: | Khóa luận tốt nghiệp. Chuyên ngành: Sư phạm Vật lý
|
| Những chủ đề: | |
| Các nhãn: |
Thêm thẻ
Không có thẻ, Là người đầu tiên thẻ bản ghi này!
|
| Thư viện lưu trữ: | Mạng thư viện Đại học Đà Nẵng |
|---|
| LEADER | 01382nam a2200349 4500 | ||
|---|---|---|---|
| 001 | 000012091 | ||
| 003 | 8378 | ||
| 005 | 20120216140257.0 | ||
| 008 | 120215s2009 viesd | ||
| 041 | |a vie | ||
| 072 | |a Khóa luận tốt nghiệp | ||
| 082 | |a 530.076 |b NG-C | ||
| 100 | |a Nguyễn. Thị Châu |e Tác giả | ||
| 245 | |a Bài toán về từ trường - phận loại và phương pháp giải |c Nguyễn. Thị Châu | ||
| 260 | |a Đà Nẵng |b ĐH Sư Phạm |c 2009 | ||
| 300 | |a 81 tr |c 29 cm | ||
| 490 | |a Khóa luận tốt nghiệp. Chuyên ngành: Sư phạm Vật lý | ||
| 500 | |a Khoa Vật lý | ||
| 520 | |a Lý thuyết về phương pháp tính từ trường. Hệ thống, phân loại và phương pháp giải các bài toán về từ trường... | ||
| 653 | |a Bài toán | ||
| 653 | |a Từ trường | ||
| 700 | |a Đặng Văn Hậu |c ThS. |e Người hướng dẫn | ||
| OWN | |a LSP | ||
| AVA | |a UDN50 |b LSP |d 530.076 NG-C |e available |t Error 5001 Not defined in file expand_doc_bib_avail. |f 1 |g 0 |h N |i 0 |k 1 | ||
| 999 | |a From the UDN01 | ||
| AVA | |a UDN50 |b LSP |d 530.076 NG-C |e available |t Error 5001 Not defined in file expand_doc_bib_avail. |f 1 |g 0 |h N |i 0 |k 1 | ||
| TYP | |a Monograph | ||
| TYP | |a Printed language | ||
| 980 | |a Mạng thư viện Đại học Đà Nẵng | ||